000 00364nam a2200157Ia 4500
003 OSt
005 20240220121048.0
008 170524s9999 xx 000 0 und d
020 _a9780070648111
040 _cIIMT UNIVERSITY MEERUT
100 _aTab Herbert
245 0 _aPrinciples of Communication System
260 _bTMH
260 _c2008
942 _2ddc
_c02
999 _c5032
_d5032